000 00208nam a2200109Ia 4500
100 _a#N/A
942 _cBK
654 _amona beta
245 _aMono Beta Release 3
260 _b#N/A
_c2004
546 _aENGLISH
999 _c22598
_d22598